| 000 | 00482nam a22001937a 4500 | ||
|---|---|---|---|
| 003 | OSt | ||
| 005 | 20251127082224.0 | ||
| 008 | 251127b |||||||| |||| 00| 0 eng d | ||
| 020 | _a978-0-19-882488-6 | ||
| 040 | _cIFM Library | ||
| 082 | _a346.07 JON | ||
| 100 | _aJones, Lucy | ||
| 245 | _aIntroduction to Business Law | ||
| 250 | _a5th | ||
| 260 |
_aOxford: _bOxford University Press, _c2019 |
||
| 300 | _axxx,600p;ill;24cm | ||
| 500 | _aIncludes Index | ||
| 942 |
_cBK _2ddc |
||
| 999 |
_c20766 _d20766 |
||